Retail parks and their future (sound recording) (Record no. 85220)
[ view plain ]
| 000 -LEADER | |
|---|---|
| fixed length control field | 01211cgm a2200325 4500 |
| 001 - CONTROL NUMBER | |
| control field | E1966 |
| 008 - FIXED-LENGTH DATA ELEMENTS--GENERAL INFORMATION | |
| fixed length control field | 090401t1994 xxu||||| |||| 00| 0 eng d |
| 035 ## - SYSTEM CONTROL NUMBER | |
| System control number | (Sirsi) u36636 |
| 041 ## - LANGUAGE CODE | |
| Language code of text/sound track or separate title | eng |
| 050 ## - LIBRARY OF CONGRESS CALL NUMBER | |
| Classification number | 711.552 |
| 100 ## - MAIN ENTRY--PERSONAL NAME | |
| Personal name | Lee, Charles |
| 245 ## - TITLE STATEMENT | |
| Title | Retail parks and their future (sound recording) |
| 260 ## - PUBLICATION, DISTRIBUTION, ETC. | |
| Place of publication, distribution, etc. | London |
| Name of publisher, distributor, etc. | RICS |
| Date of publication, distribution, etc. | 1994 |
| 300 ## - PHYSICAL DESCRIPTION | |
| Extent | 1 sound cassette (60 min.) |
| 350 ## - PRICE (NR) (BK AM CF MU VM SE) [OBSOLETE] | |
| Price | 10.21 |
| 490 ## - SERIES STATEMENT | |
| Series statement | Owlion Audio Programme |
| 520 ## - SUMMARY, ETC. | |
| Summary, etc. | Looks back to the emergence of these retail outlets., how they have prospered and wherein lie the interests of investors, developers and retailers. Also discussed are the matters of design, siting, planning and operation that are integral factors in satisfying the expectations of commercial interests as well as the shoppers. |
| 650 ## - SUBJECT ADDED ENTRY--TOPICAL TERM | |
| Topical term or geographic name entry element | AUDIO CASSETTES |
| 650 ## - SUBJECT ADDED ENTRY--TOPICAL TERM | |
| Topical term or geographic name entry element | RETAIL PARKS |
| 650 ## - SUBJECT ADDED ENTRY--TOPICAL TERM | |
| Topical term or geographic name entry element | SHOPPING CENTRES |
| 690 ## - LOCAL SUBJECT ADDED ENTRY--TOPICAL TERM (OCLC, RLIN) | |
| Topical term or geographic name as entry element | PROPERTY-COMMERCIAL PROPERTY-RETAIL PROPERTY |
| 700 ## - ADDED ENTRY--PERSONAL NAME | |
| Personal name | Adams, J. |
| 700 ## - ADDED ENTRY--PERSONAL NAME | |
| Personal name | Ashworth, Richard |
| 700 ## - ADDED ENTRY--PERSONAL NAME | |
| Personal name | Maynard, John |
| 700 ## - ADDED ENTRY--PERSONAL NAME | |
| Personal name | Stevenson, Hugh |
| 710 ## - ADDED ENTRY--CORPORATE NAME | |
| Corporate name or jurisdiction name as entry element | Royal Institution of Chartered Surveyors |
| 9 (RLIN) | 4900 |
| 710 ## - ADDED ENTRY--CORPORATE NAME | |
| Corporate name or jurisdiction name as entry element | College of Estate Management |
| 9 (RLIN) | 400 |
| 942 ## - ADDED ENTRY ELEMENTS (KOHA) | |
| Suppress in OPAC | 0 |
| 948 ## - LOCAL PROCESSING INFORMATION (OCLC); SERIES PART DESIGNATOR (RLIN) | |
| c (OCLC) | 04/03/1997 |
| Withdrawn status | Lost status | Source of classification or shelving scheme | Damaged status | Not for loan | Home library | Current library | Shelving location | Date acquired | Cost, normal purchase price | Total Checkouts | Full call number | Barcode | Date last seen | Date last checked out | Copy number | Cost, replacement price | Price effective from | Koha item type |
|---|---|---|---|---|---|---|---|---|---|---|---|---|---|---|---|---|---|---|
| Dewey Decimal Classification | London | London | Basement | 06/05/1994 | 10.21 | 3 | SHELF 330 | 30041488 | 06/08/2019 | 18/07/2001 | 1 | 10.21 | 06/08/2019 | Audio |